Атлантида. Вихрь призвания: романы; новеллы; пер. с нем.

Xehetasun bibliografikoak
Egile nagusia: Гауптман Г. Гергарт
Beste egile batzuk: Русакова А. В. (составитель)
Hizkuntza:errusiera
Argitaratua: Ленинград, Художественная литература, 1989
Gaiak:
Formatua: MixedMaterials Liburua
KOHA link:https://koha.lib.tpu.ru/cgi-bin/koha/opac-detail.pl?biblionumber=159220

MARC

LEADER 00000nam0a2200000 4500
001 159220
005 20231101222108.0
010 |a 5280006246 
020 |a RU  |b 89-64788 
035 |a (RuTPU)RU\TPU\book\172682 
090 |a 159220 
100 |a 20090507d1989 m y0rusy5003 ca 
101 1 |a rus  |c ger 
102 |a RU 
105 |a y z 000ay 
200 1 |a Атлантида. Вихрь призвания  |e романы; новеллы  |e пер. с нем.  |f Г. Гауптман  |g сост. и предисл. А. В. Русакова 
210 |a Ленинград  |c Художественная литература  |c Ленингр. отд-ние  |d 1989 
215 |a 608 с.  |c ил.  |d 21 см 
610 1 |a немецкая литература 
610 1 |a романы 
610 1 |a новеллы 
675 |a 83  |z rus 
700 1 |a Гауптман  |b Г.  |c немецкий писатель  |f 1862-1946  |g Гергарт  |2 stltpush  |3 (RuTPU)RU\TPU\pers\15891  |9 5546 
702 1 |a Русакова  |b А. В.  |4 220 
801 0 |a RU  |b RuMRKP  |c 19950417  |g psbo 
801 1 |a RU  |b 63413507  |c 20090507  |g PSBO 
801 2 |a RU  |b 63413507  |c 20090507  |g PSBO 
942 |c BK